[Event "Oberliga Nord W 1718"]
[Site "Germany"]
[Date "2018.02.04"]
[Round "6.1"]
[White "Zeitlein, Michael"]
[Black "Kardoeus, David"]
[Result "1-0"]
[WhiteElo "2346"]
[BlackElo "2229"]
[PlyCount "49"]
[EventDate "2017.10.08"]
[EventType "team-tourn"]
[EventRounds "9"]
[EventCountry "GER"]
[SourceTitle "EXT 2019"]
[Source "ChessBase"]
[SourceDate "2018.10.10"]
[SourceVersion "1"]
[SourceVersionDate "2018.10.10"]
[SourceQuality "1"]
[WhiteTeam "Bremer SG"]
[BlackTeam "Werder Bremen III"]
[WhiteTeamCountry "GER"]
[BlackTeamCountry "GER"]

1. d4 Nf6 2. Nf3 g6 3. c4 Bg7 4. Nc3 0-0 5. Bg5 d6 6. e3 c5 7. Be2 Qa5 8. 0-0 Bf5 9. Qb3 Nbd7 10. Rfd1 h6 11. Bh4 g5 12. Bg3 Ne4 13. Nxe4 Bxe4 14. h4 f5 15. hxg5 cxd4 16. c5+ d5 17. exd4 f4 18. Bh4 e5 19. gxh6 Bxh6 20. Qxb7 Nf6 21. Bxf6 Rab8 22. Qc6 Rxb2 23. Bxe5 Bg7 24. Qe6+ Rf7 25. Ng5 1-0

[Event "Oberliga Nord W 1617"]
[Site "Germany"]
[Date "2017.02.05"]
[Round "5.1"]
[White "Steffens, Olaf"]
[Black "Zeitlein, Michael"]
[Result "1-0"]
[WhiteElo "2248"]
[BlackElo "2369"]
[PlyCount "51"]
[EventDate "2016.10.16"]
[EventType "team-tourn"]
[EventRounds "9"]
[EventCountry "GER"]
[SourceTitle "EXT 2018"]
[Source "ChessBase"]
[SourceDate "2017.10.13"]
[SourceVersion "1"]
[SourceVersionDate "2017.10.13"]
[SourceQuality "1"]
[WhiteTeam "Werder Bremen"]
[BlackTeam "Bremer SG"]
[WhiteTeamCountry "GER"]
[BlackTeamCountry "GER"]

1. b4 e5 2. a3 Nf6 3. Bb2 d6 4. c4 g6 5. e3 Bg7 6. Nc3 0-0 7. Nf3 Re8 8. Be2 e4 9. Nd4 c5 10. Nb3 b6 11. d4 Na6 12. b5 Nc7 13. Qc2 Qe7 14. h3 h5 15. d5 Bf5 16. Nd2 g5 17. g4 hxg4 18. hxg4 Bg6 19. 0-0-0 Qd7 20. Rdg1 Re7 21. Rh5 Bxh5 22. gxh5 Qf5 23. f4 g4 24. Ncxe4 Rxe4 25. Nxe4 Qxe4 26. Qxe4 1-0

[Event "Oberliga Nord W 1516"]
[Site "Germany"]
[Date "2015.09.20"]
[Round "1.2"]
[White "Kuegel, Tobias"]
[Black "Zeitlein, Michael"]
[Result "1/2-1/2"]
[WhiteElo "2243"]
[BlackElo "2388"]
[PlyCount "44"]
[EventDate "2015.09.20"]
[EventType "team-tourn"]
[EventRounds "9"]
[EventCountry "GER"]
[SourceTitle "CBM 170 Extra"]
[Source "ChessBase"]
[SourceDate "2016.02.25"]
[SourceVersion "1"]
[SourceVersionDate "2016.02.25"]
[SourceQuality "1"]
[WhiteTeam "Delmenhorst"]
[BlackTeam "Bremer SG"]
[WhiteTeamCountry "GER"]
[BlackTeamCountry "GER"]

1. e4 c5 2. c4 Nc6 3. Ne2 Nf6 4. Nbc3 e6 5. d4 d5 6. cxd5 exd5 7. Bg5 Be7 8. exd5 Nxd5 9. Bxe7 Ncxe7 10. dxc5 0-0 11. a3 Be6 12. g3 Qc7 13. Bg2 Rad8 14. Qa4 Qxc5 15. 0-0 Nxc3 16. Nxc3 Nc6 17. Rfd1 Nd4 18. Qb4 b6 19. Qxc5 bxc5 20. b4 Nc2 21. Rac1 cxb4 22. Rxc2 bxc3 1/2-1/2

[Event "Oberliga Nord W 1415"]
[Site "Germany"]
[Date "2015.02.01"]
[Round "6.3"]
[White "Raimann, Max Guenter"]
[Black "Zeitlein, Michael"]
[Result "1/2-1/2"]
[WhiteElo "2098"]
[BlackElo "2383"]
[PlyCount "49"]
[EventDate "2014.09.22"]
[EventType "team-tourn"]
[EventRounds "9"]
[EventCountry "GER"]
[SourceTitle "EXT 2016"]
[Source "ChessBase"]
[SourceDate "2015.10.08"]
[SourceVersion "1"]
[SourceVersionDate "2015.10.08"]
[SourceQuality "1"]
[WhiteTeam "Hildesheim"]
[BlackTeam "Bremer SG"]
[WhiteTeamCountry "GER"]
[BlackTeamCountry "GER"]

1. e4 e5 2. Nf3 Nc6 3. d4 exd4 4. Nxd4 Qh4 5. Qd3 Nf6 6. Nxc6 dxc6 7. Nd2 Ng4 8. g3 Qf6 9. f3 Ne5 10. Qc3 a5 11. a3 h5 12. f4 Ng4 13. Qxf6 Nxf6 14. Bg2 h4 15. e5 Nd5 16. Ne4 Bf5 17. Bd2 a4 18. Bf3 hxg3 19. hxg3 Rxh1+ 20. Bxh1 Be7 21. Bf3 Nb6 22. Ke2 0-0-0 23. Bc3 Nd5 24. Bd2 Nb6 25. Bc3 1/2-1/2

[Event "Oberliga Nord W 1314"]
[Site "Germany"]
[Date "2013.12.15"]
[Round "4.3"]
[White "Schulze, Torben"]
[Black "Zeitlein, Michael"]
[Result "1-0"]
[WhiteElo "2260"]
[BlackElo "2385"]
[PlyCount "82"]
[EventDate "2013.10.13"]
[EventType "team-tourn"]
[EventRounds "9"]
[EventCountry "GER"]
[SourceTitle "EXT 2015"]
[Source "ChessBase"]
[SourceDate "2014.11.20"]
[SourceVersion "1"]
[SourceVersionDate "2014.11.20"]
[SourceQuality "1"]
[WhiteTeam "Hannover"]
[BlackTeam "Bremer SG"]
[WhiteTeamCountry "GER"]
[BlackTeamCountry "GER"]

1. e4 e5 2. Nf3 Nc6 3. d4 exd4 4. Nxd4 Bc5 5. Be3 Bb6 6. Nf5 Bxe3 7. Nxe3 Nf6 8. Nc3 0-0 9. Qd2 Re8 10. f3 d6 11. Be2 a6 12. g4 b5 13. g5 Nd7 14. h4 Nc5 15. 0-0-0 Be6 16. Rdg1 Ne5 17. a3 Rb8 18. f4 Nc6 19. b4 Nb7 20. f5 Bd7 21. Ng4 Ne5 22. Nf6+ Kh8 23. Nxe8 Bxe8 24. f6 c5 25. Nd5 cxb4 26. axb4 Bc6 27. fxg7+ Kxg7 28. Rf1 Bxd5 29. exd5 a5 30. c3 Rc8 31. Kb2 Qb6 32. Rf4 axb4 33. cxb4 Ra8 34. Ra1 Rc8 35. h5 Kg8 36. h6 Kf8 37. Rff1 Rc4 38. Ra8+ Ke7 39. Rf4 Qc7 40. Bxc4 Nxc4+ 41. Rxc4 Qxc4 1-0

[Event "Oberliga Nord W 1314"]
[Site "Germany"]
[Date "2013.11.10"]
[Round "2.3"]
[White "Hoeffer, David"]
[Black "Zeitlein, Michael"]
[Result "0-1"]
[WhiteElo "2241"]
[BlackElo "2385"]
[PlyCount "108"]
[EventDate "2013.10.13"]
[EventType "team-tourn"]
[EventRounds "9"]
[EventCountry "GER"]
[SourceTitle "EXT 2015"]
[Source "ChessBase"]
[SourceDate "2014.11.20"]
[SourceVersion "1"]
[SourceVersionDate "2014.11.20"]
[SourceQuality "1"]
[WhiteTeam "Delmenhorst"]
[BlackTeam "Bremer SG"]
[WhiteTeamCountry "GER"]
[BlackTeamCountry "GER"]

1. d4 Nf6 2. Nf3 g6 3. g3 Bg7 4. Bg2 0-0 5. 0-0 c6 6. c4 d6 7. b3 Qa5 8. Bb2 Qh5 9. Nbd2 Bh3 10. e4 Nbd7 11. Qc2 Ng4 12. Rfe1 e5 13. dxe5 Ndxe5 14. Nxe5 Nxe5 15. Bxh3 Qxh3 16. f4 Nd3 17. Qxd3 Bxb2 18. Rad1 Ba3 19. e5 dxe5 20. Ne4 Rfd8 21. Nf6+ Kg7 22. Qe3 Be7 23. fxe5 Qf5 24. Rf1 Rxd1 25. Rxd1 Bxf6 26. exf6+ Qxf6 27. Rf1 Qd6 28. Qf2 f5 29. Re1 b6 30. Rc1 Re8 31. Kg2 c5 32. Rc2 Re4 33. Rd2 Qe6 34. Qf3 h5 35. h4 a5 36. Qc3+ Kh7 37. Qf3 Kg7 38. Qc3+ Kf7 39. Qf3 Ke7 40. Kf2 Qe5 41. Kg2 Kf6 42. Rf2 Qd4 43. Kh2 Qe3 44. Qg2 Ke6 45. Rf3 Qe1 46. Rf1 Qc3 47. Rf3 Qe5 48. Rf2 Rxh4+ 49. Kg1 Qe1+ 50. Rf1 Qe3+ 51. Rf2 Re4 52. Kh2 h4 53. Rf3 hxg3+ 54. Qxg3 Qh6+ 0-1

[Event "Oberliga Nord W 1213"]
[Site "Germany"]
[Date "2013.04.14"]
[Round "9.3"]
[White "Zeitlein, Michael"]
[Black "Hoeffer, David"]
[Result "1-0"]
[WhiteElo "2417"]
[BlackElo "2225"]
[PlyCount "93"]
[EventDate "2012.10.14"]
[EventType "team-tourn"]
[EventRounds "9"]
[EventCountry "GER"]
[SourceTitle "EXT 2014"]
[Source "ChessBase"]
[SourceDate "2013.11.20"]
[SourceVersion "1"]
[SourceVersionDate "2013.11.20"]
[SourceQuality "1"]
[WhiteTeam "Bremer SG"]
[BlackTeam "Delmenhorst"]
[WhiteTeamCountry "GER"]
[BlackTeamCountry "GER"]

1. e4 e5 2. Nc3 d6 3. f4 Nc6 4. Nf3 Bg4 5. Bb5 Nf6 6. h3 Bxf3 7. Qxf3 Be7 8. 0-0 Qd7 9. d3 a6 10. Bxc6 Qxc6 11. g4 0-0-0 12. g5 Nd7 13. Nd5 Rde8 14. c4 h6 15. gxh6 Rxh6 16. f5 Rh7 17. Be3 Bd8 18. Kg2 Reh8 19. Rh1 Nc5 20. Bf2 Qa4 21. b3 Qa3 22. Qe2 g6 23. fxg6 Rg7 24. Rab1 Rxg6+ 25. Kf1 c6 26. Ne3 Bh4 27. Nf5 Rf6 28. Be3 Ne6 29. Rg1 Kb8 30. Rg4 d5 31. Kg2 Rg6 32. exd5 cxd5 33. Bc1 Rxg4+ 34. hxg4 Bf6 35. cxd5 Qc5 36. dxe6 Qc6+ 37. Kg3 Qh1 38. Bh6 Qxb1 39. exf7 Qg1+ 40. Qg2 Qc5 41. f8Q+ Rxf8 42. Bxf8 Qxf8 43. Qd5 Ka8 44. Nd6 Qb8 45. Ne4 Qh8 46. g5 Bd8 47. Nc5 1-0

[Event "Oberliga Nord W 1213"]
[Site "Germany"]
[Date "2013.01.13"]
[Round "5.2"]
[White "Gentemann, Moritz"]
[Black "Zeitlein, Michael"]
[Result "1/2-1/2"]
[WhiteElo "2182"]
[BlackElo "2417"]
[PlyCount "119"]
[EventDate "2012.10.14"]
[EventType "team-tourn"]
[EventRounds "9"]
[EventCountry "GER"]
[SourceTitle "EXT 2014"]
[Source "ChessBase"]
[SourceDate "2013.11.20"]
[SourceVersion "1"]
[SourceVersionDate "2013.11.20"]
[SourceQuality "1"]
[WhiteTeam "Lister Turm"]
[BlackTeam "Bremer SG"]
[WhiteTeamCountry "GER"]
[BlackTeamCountry "GER"]

1. e4 e5 2. Nf3 Nc6 3. d4 exd4 4. Nxd4 Bc5 5. Nxc6 Qf6 6. Qf3 bxc6 7. Nd2 d6 8. Bd3 Qxf3 9. gxf3 Ne7 10. Nb3 Bb6 11. a4 a5 12. Be3 f5 13. Bxb6 cxb6 14. Rd1 Rf8 15. Rg1 g6 16. Nd4 fxe4 17. fxe4 Bd7 18. Bc4 0-0-0 19. Ne2 Kc7 20. Rg3 Rde8 21. Kf1 Nc8 22. Bd3 Re5 23. Kg1 Rh5 24. Kg2 Rh4 25. b3 Ne7 26. f4 Bg4 27. Rf1 Bxe2 28. Bxe2 Rhxf4 29. Rxf4 Rxf4 30. Bd3 d5 31. exd5 Nxd5 32. Bc4 Rd4 33. Bxd5 Rxd5 34. Rc3 g5 35. Kf3 Rd2 36. h3 h5 37. Ke4 Rf2 38. Ke3 Rf4 39. Rd3 Rh4 40. Kd2 g4 41. hxg4 Rxg4 42. Rf3 Rg7 43. Rh3 Rh7 44. Rh4 Kd6 45. Ke3 Ke5 46. Kf3 Rh6 47. c3 Kf5 48. b4 axb4 49. cxb4 Ke5 50. a5 bxa5 51. bxa5 Kd5 52. a6 Rh7 53. Ke3 Kc5 54. a7 Rxa7 55. Rxh5+ Kb4 56. Kd2 Ra2+ 57. Kc1 c5 58. Rh4+ c4 59. Rh3 Rg2 60. Rf3 1/2-1/2

[Event "Oberliga Nord W 1213"]
[Site "Germany"]
[Date "2012.11.11"]
[Round "2.2"]
[White "Horn, Matthias"]
[Black "Zeitlein, Michael"]
[Result "0-1"]
[WhiteElo "2198"]
[BlackElo "2417"]
[PlyCount "72"]
[EventDate "2012.10.14"]
[EventType "team-tourn"]
[EventRounds "9"]
[EventCountry "GER"]
[SourceTitle "EXT 2014"]
[Source "ChessBase"]
[SourceDate "2013.11.20"]
[SourceVersion "1"]
[SourceVersionDate "2013.11.20"]
[SourceQuality "1"]
[WhiteTeam "Braunschweig Gliesmarode"]
[BlackTeam "Bremer SG"]
[WhiteTeamCountry "GER"]
[BlackTeamCountry "GER"]

1. Nf3 d6 2. d4 Bg4 3. c4 Nd7 4. e4 e5 5. d5 Be7 6. Nc3 Bxf3 7. Qxf3 Bg5 8. Be2 a5 9. 0-0 Bxc1 10. Raxc1 Ne7 11. Qe3 0-0 12. g3 f5 13. f3 f4 14. Qd2 Nc5 15. Rf2 Qd7 16. b3 Rf6 17. g4 Ng6 18. Kh1 Nh4 19. Rg1 g5 20. Qb2 Kg7 21. Qd2 Rh8 22. Bd1 h5 23. Be2 Rfh6 24. Qd1 Kf6 25. gxh5 Rxh5 26. Rg4 Qh7 27. Qg1 Kg6 28. Nd1 Nd3 29. Rgg2 Nxg2 30. Rxg2 Ne1 31. Rf2 Nc2 32. Nc3 Kf6 33. Nb5 Ne3 34. Bd3 Rh3 35. Nc3 Rg3 36. Qe1 Rxf3 0-1

[Event "Nord West Cup 3rd"]
[Site "Oldenburg"]
[Date "2001.02.02"]
[Round "3"]
[White "Tchetchelnitski, Boris"]
[Black "Zeitlein, Michael"]
[Result "1/2-1/2"]
[WhiteElo "2254"]
[BlackElo "2431"]
[PlyCount "99"]
[EventDate "2001.02.01"]
[EventType "swiss"]
[EventRounds "7"]
[EventCountry "GER"]
[SourceTitle "EXT 2002"]
[Source "ChessBase"]
[SourceDate "2001.11.25"]
[SourceVersion "1"]
[SourceVersionDate "2001.11.25"]
[SourceQuality "1"]

1. d4 d6 2. Nf3 Bg4 3. g3 Bxf3 4. exf3 d5 5. Bg2 e6 6. 0-0 Nf6 7. Bg5 Be7 8. c3 Nbd7 9. Nd2 0-0 10. Re1 c5 11. dxc5 Nxc5 12. Nb3 Rc8 13. Nxc5 Bxc5 14. Qe2 h6 15. Be3 Qb6 16. Bxc5 Rxc5 17. Rad1 Rfc8 18. f4 Rc4 19. h4 Ne4 20. Kf1 Qc6 21. Bh3 Nf6 22. Kg1 b5 23. a3 a5 24. Qf3 b4 25. cxb4 axb4 26. Bf1 Rc2 27. axb4 Rxb2 28. b5 Qb6 29. Bd3 Ne4 30. Bxe4 dxe4 31. Rxe4 Qxb5 32. Ree1 Qa5 33. Rf1 Rcc2 34. Qd3 Qc5 35. Qf3 Rb8 36. Rd3 Qc6 37. Qxc6 Rxc6 38. Rd2 h5 39. Rfd1 Kh7 40. Kg2 Kg6 41. Re1 Rc5 42. Rde2 Rbb5 43. Re3 Kf5 44. Kf3 g6 45. R1e2 Rb6 46. Re5+ Rxe5 47. Rxe5+ Kf6 48. Re3 Rb5 49. Ra3 Kf5 50. Kg2 1/2-1/2

[Event "BL2-Nord 9900"]
[Site "Germany"]
[Date "2000.03.12"]
[Round "7.2"]
[White "Muse, Mladen"]
[Black "Zeitlein, Michael"]
[Result "1-0"]
[WhiteElo "2470"]
[BlackElo "2450"]
[PlyCount "55"]
[EventDate "1999.10.10"]
[EventType "team-tourn"]
[EventRounds "9"]
[EventCountry "GER"]
[SourceTitle "CBM 075 Extra"]
[Source "ChessBase"]
[SourceDate "2000.05.11"]
[SourceVersion "2"]
[SourceVersionDate "2000.05.11"]
[SourceQuality "1"]
[WhiteTeam "Zehlendorf"]
[BlackTeam "Werder Bremen II"]
[WhiteTeamCountry "GER"]
[BlackTeamCountry "GER"]

1. c4 f5 2. g3 Nf6 3. d4 g6 4. Nc3 Bg7 5. Bg2 0-0 6. c5 Nc6 7. Nf3 d6 8. cxd6 cxd6 9. d5 Ne5 10. Nd4 Kh8 11. 0-0 Bd7 12. Qb3 Qa5 13. Ne6 Bxe6 14. dxe6 Rab8 15. Be3 Rfc8 16. Rad1 b5 17. Nd5 Nxd5 18. Rxd5 Nc4 19. Bg5 Rc7 20. e4 fxe4 21. Bxe4 Nxb2 22. Bf3 Nc4 23. h4 Ne5 24. Rxe5 dxe5 25. h5 Rf8 26. Bh1 Rc4 27. hxg6 h6 28. Bxh6 1-0

[Event "BL2-Nord 9900"]
[Site "Germany"]
[Date "2000.02.20"]
[Round "6.1"]
[White "Rabiega, Robert"]
[Black "Zeitlein, Michael"]
[Result "1-0"]
[WhiteElo "2475"]
[BlackElo "2450"]
[PlyCount "82"]
[EventDate "1999.10.10"]
[EventType "team-tourn"]
[EventRounds "9"]
[EventCountry "GER"]
[SourceTitle "CBM 074 Extra"]
[Source "ChessBase"]
[SourceDate "2000.03.10"]
[SourceVersion "2"]
[SourceVersionDate "2000.03.10"]
[SourceQuality "1"]
[WhiteTeam "Koenig Tegel"]
[BlackTeam "Werder Bremen II"]
[WhiteTeamCountry "GER"]
[BlackTeamCountry "GER"]

1. e4 e5 2. Nf3 Nc6 3. Bc4 Bc5 4. d3 Nf6 5. c3 d6 6. Qe2 0-0 7. Bg5 a6 8. Bb3 Qe7 9. Nbd2 Nd8 10. Nh4 Kh8 11. Nf5 Bxf5 12. exf5 Qd7 13. Qf3 Ng8 14. 0-0-0 f6 15. Be3 Bxe3 16. fxe3 Ne7 17. e4 d5 18. a3 b5 19. g4 c6 20. g5 a5 21. Rdg1 Nb7 22. Qg3 Rg8 23. Qh4 Qd6 24. Nf3 Nc5 25. Bc2 b4 26. Rg4 h6 27. gxf6 Qxf6 28. Qg3 b3 29. Bb1 Nd7 30. d4 dxe4 31. dxe5 Nxf5 32. Qf4 Qe6 33. Qxe4 g6 34. Qf4 Raf8 35. Bxf5 gxf5 36. Rh4 Rg6 37. Nd4 Qxe5 38. Rxh6+ Kg7 39. Rxg6+ Kxg6 40. Rg1+ Kf7 41. Qg5 Nf6 1-0

[Event "BL2-Nord 9900"]
[Site "Germany"]
[Date "2000.01.09"]
[Round "4.1"]
[White "Lagunow, Alexander"]
[Black "Zeitlein, Michael"]
[Result "1/2-1/2"]
[WhiteElo "2435"]
[BlackElo "2450"]
[PlyCount "32"]
[EventDate "1999.10.10"]
[EventType "team-tourn"]
[EventRounds "9"]
[EventCountry "GER"]
[SourceTitle "CBM 074 Extra"]
[Source "ChessBase"]
[SourceDate "2000.03.10"]
[SourceVersion "2"]
[SourceVersionDate "2000.03.10"]
[SourceQuality "1"]
[WhiteTeam "Kreuzberg"]
[BlackTeam "Werder Bremen II"]
[WhiteTeamCountry "GER"]
[BlackTeamCountry "GER"]

1. d4 d5 2. c4 e6 3. Nf3 c5 4. cxd5 exd5 5. Nc3 Nc6 6. g3 c4 7. Bg2 Bb4 8. 0-0 Nge7 9. e4 dxe4 10. Nxe4 Bg4 11. a3 Ba5 12. Bf4 0-0 13. Nd6 Bc7 14. Nxb7 Qb8 15. d5 Bxf4 16. dxc6 Nxc6 1/2-1/2

[Event "Lampertheim op 1st"]
[Site "Lampertheim"]
[Date "2000.??.??"]
[Round "?"]
[White "Zeitlein, Michael"]
[Black "Koch, Hans Juergen"]
[Result "1/2-1/2"]
[WhiteElo "2450"]
[BlackElo "2188"]
[PlyCount "50"]
[EventDate "2000.12.??"]
[EventType "swiss"]
[EventRounds "7"]
[EventCountry "GER"]
[SourceTitle "EXT 2003"]
[Source "ChessBase"]
[SourceDate "2002.11.25"]
[SourceVersion "1"]
[SourceVersionDate "2002.11.25"]
[SourceQuality "1"]

1. Nf3 c5 2. c3 Nf6 3. d4 e6 4. Bg5 d5 5. e3 Nbd7 6. Nbd2 h6 7. Bh4 Be7 8. Bd3 Qb6 9. Rb1 0-0 10. Ne5 Re8 11. f4 Qc7 12. 0-0 c4 13. Bc2 b5 14. a3 a5 15. Qf3 b4 16. Ba4 Ra6 17. Bb5 Rb6 18. a4 Rf8 19. Qh3 Nxe5 20. dxe5 Ne8 21. Nf3 Bc5 22. Nd4 Bd7 23. Bxd7 Qxd7 24. Ra1 Nc7 25. Be1 Na6 1/2-1/2

[Event "Kleve op"]
[Site "Kleve"]
[Date "1999.05.16"]
[Round "6"]
[White "Koscielski, Janusch"]
[Black "Zeitlein, Michael"]
[Result "1/2-1/2"]
[WhiteElo "2344"]
[BlackElo "2455"]
[PlyCount "86"]
[EventDate "1999.05.??"]
[EventType "swiss"]
[EventRounds "7"]
[EventCountry "GER"]
[SourceTitle "CBM 070 Extra"]
[Source "ChessBase"]
[SourceDate "1999.07.10"]
[SourceVersion "1"]
[SourceVersionDate "1999.07.10"]
[SourceQuality "1"]

1. e4 e5 2. Nf3 Nc6 3. Nc3 Nf6 4. Bb5 Be7 5. 0-0 d6 6. d4 Bd7 7. Re1 exd4 8. Nxd4 0-0 9. b3 Nxd4 10. Qxd4 Bxb5 11. Nxb5 Nd7 12. Rb1 a6 13. Nc3 Bf6 14. Qd2 Nb6 15. Nd5 Nxd5 16. Qxd5 c6 17. Qd2 Re8 18. Ba3 d5 19. exd5 Qxd5 20. Qxd5 cxd5 21. Rxe8+ Rxe8 22. Kf1 Rc8 23. Re1 h6 24. Re2 Kh7 25. Ke1 Kg6 26. Kd1 Kf5 27. Kc1 Rc6 28. Bb2 Re6 29. Rxe6 fxe6 30. Bxf6 gxf6 31. Kd2 e5 32. Ke3 h5 33. c3 b5 34. h3 Ke6 35. g3 a5 36. a3 f5 37. h4 Kd6 38. b4 axb4 39. axb4 Ke6 40. f3 Ke7 41. f4 e4 42. Kd4 Kd6 43. Ke3 Ke6 1/2-1/2

[Event "Kleve op"]
[Site "Kleve"]
[Date "1999.05.14"]
[Round "3"]
[White "Zeitlein, Michael"]
[Black "Sprenger, Jan Michael"]
[Result "1/2-1/2"]
[WhiteElo "2455"]
[BlackElo "2179"]
[PlyCount "141"]
[EventDate "1999.05.??"]
[EventType "swiss"]
[EventRounds "7"]
[EventCountry "GER"]
[SourceTitle "CBM 070 Extra"]
[Source "ChessBase"]
[SourceDate "1999.07.10"]
[SourceVersion "1"]
[SourceVersionDate "1999.07.10"]
[SourceQuality "1"]

1. Nf3 Nf6 2. d4 g6 3. Bg5 Bg7 4. Nbd2 0-0 5. e4 d6 6. c3 c5 7. dxc5 dxc5 8. Bc4 Nc6 9. Qc2 Qc7 10. 0-0 a6 11. a4 Rb8 12. Rfe1 b5 13. axb5 axb5 14. Bf1 Rd8 15. h3 Nh5 16. Nb3 Ne5 17. Nxe5 Bxe5 18. Be3 Bd6 19. c4 bxc4 20. Bxc4 Nf4 21. Nxc5 Bxc5 22. Bxc5 Qe5 23. Qc3 Qg5 24. Qg3 Qxc5 25. Qxf4 Be6 26. Bxe6 fxe6 27. Rac1 Qd4 28. Qg4 Rxb2 29. Qxe6+ Kf8 30. Rf1 Qd6 31. Qg4 Qf6 32. Rc8 Rxc8 33. Qxc8+ Kg7 34. Qc5 Re2 35. f3 Rd2 36. f4 Qd4+ 37. Qxd4+ Rxd4 38. Re1 Rd2 39. Kf1 Kf6 40. Re2 Rd1+ 41. Kf2 h5 42. Ra2 Rd3 43. Ra6+ Kf7 44. f5 gxf5 45. exf5 Rd5 46. g4 hxg4 47. hxg4 Rd3 48. Re6 Ra3 49. Kg2 Rb3 50. Kh2 Ra3 51. Rh6 Kg7 52. Rh3 Ra4 53. Kg3 e6 54. fxe6 Re4 55. g5 Rxe6 56. Kg4 Re1 57. Kh5 Ra1 58. Rf3 Rb1 59. Rf4 Rg1 60. Ra4 Rh1+ 61. Kg4 Rg1+ 62. Kf5 Rf1+ 63. Rf4 Rxf4+ 64. Kxf4 Kg6 65. Kg4 Kg7 66. Kf5 Kf7 67. g6+ Kg7 68. Kg5 Kg8 69. Kf6 Kf8 70. g7+ Kg8 71. Kg6 1/2-1/2

[Event "Passau op 7th"]
[Site "Passau"]
[Date "1999.04.04"]
[Round "6"]
[White "Stocek, Jiri"]
[Black "Zeitlein, Michael"]
[Result "1-0"]
[WhiteElo "2537"]
[BlackElo "2455"]
[PlyCount "89"]
[EventDate "1999.04.02"]
[EventType "swiss"]
[EventRounds "7"]
[EventCountry "GER"]
[SourceTitle "EXT 2000"]
[Source "ChessBase"]
[SourceDate "1999.11.16"]
[SourceVersion "1"]
[SourceVersionDate "1999.11.16"]
[SourceQuality "1"]

1. d4 Nf6 2. c4 g6 3. Nc3 Bg7 4. e4 0-0 5. Nf3 c6 6. Bd3 d6 7. h3 e5 8. Be3 Nbd7 9. 0-0 exd4 10. Bxd4 Re8 11. Re1 Ne5 12. Be2 Qe7 13. Qd2 Be6 14. b3 a6 15. Rad1 Rad8 16. Bb6 Rc8 17. Ng5 c5 18. Qxd6 Qxd6 19. Rxd6 Bf8 20. Rdd1 Nfd7 21. Na4 Be7 22. Nxe6 fxe6 23. f4 Nxb6 24. Nxb6 Rc6 25. Nd5 Nf7 26. Nxe7+ Rxe7 27. e5 Rcc7 28. Kf2 Kg7 29. Ke3 h5 30. Rd2 Nh6 31. g4 hxg4 32. hxg4 b5 33. Rd6 bxc4 34. Bxc4 Nxg4+ 35. Kf3 Nh6 36. Bxe6 a5 37. Rg1 Kh8 38. Ke4 a4 39. Bc4 axb3 40. axb3 Rg7 41. Rh1 Rgd7 42. Rxd7 Rxd7 43. e6 Rd8 44. Ke5 Kg7 45. Rxh6 1-0

[Event "Passau op 7th"]
[Site "Passau"]
[Date "1999.04.03"]
[Round "3"]
[White "Zeitlein, Michael"]
[Black "Nurbekoglu, Michael"]
[Result "1-0"]
[WhiteElo "2455"]
[BlackElo "2175"]
[PlyCount "135"]
[EventDate "1999.04.02"]
[EventType "swiss"]
[EventRounds "7"]
[EventCountry "GER"]
[SourceTitle "EXT 2000"]
[Source "ChessBase"]
[SourceDate "1999.11.16"]
[SourceVersion "1"]
[SourceVersionDate "1999.11.16"]
[SourceQuality "1"]

1. Nf3 d5 2. c4 e6 3. d4 c6 4. e3 Nf6 5. Nbd2 Be7 6. Bd3 Nbd7 7. 0-0 0-0 8. b3 b6 9. Bb2 Bb7 10. Qc2 g6 11. Rfd1 Re8 12. Rac1 Rc8 13. e4 Bf8 14. Qb1 Nh5 15. Bf1 Bh6 16. g3 f5 17. exf5 exf5 18. cxd5 cxd5 19. Bb5 Nhf6 20. Ne5 a6 21. Rxc8 Qxc8 22. Nxd7 Nxd7 23. Bf1 Nf6 24. Nf3 Ne4 25. Qd3 Qc7 26. Re1 Rc8 27. Re2 b5 28. Ne1 b4 29. Rc2 Qd8 30. a3 Bf8 31. axb4 Bxb4 32. Rxc8 Qxc8 33. Nc2 Bd6 34. f3 Nf6 35. Qc3 Qe8 36. Ba3 Bxa3 37. Nxa3 Qe7 38. Nc2 Ne8 39. Kf2 f4 40. Qe1 fxg3+ 41. hxg3 Qxe1+ 42. Nxe1 a5 43. Bh3 Bc6 44. Nd3 Nc7 45. Ne5 Bb5 46. Ke3 a4 47. bxa4 Bxa4 48. Bc8 Kg7 49. Kf4 h6 50. Bd7 Bd1 51. Ke3 h5 52. Kd2 Bb3 53. Kc3 Bd1 54. f4 Kf6 55. Kb4 Bc2 56. Kc5 Be4 57. Kd6 Na6 58. Nc6 Bf5 59. Be8 Be4 60. Bd7 Bf5 61. Bxf5 Kxf5 62. Ne7+ Ke4 63. Nxg6 Kxd4 64. Ne7 Nc5 65. Nc6+ Ke4 66. Kxc5 h4 67. gxh4 Kxf4 68. Nd4 1-0

[Event "Oberliga Nord W 9899"]
[Site "Germany"]
[Date "1999.01.10"]
[Round "4.2"]
[White "Rzehak, Michael"]
[Black "Zeitlein, Michael"]
[Result "0-1"]
[WhiteElo "2215"]
[BlackElo "2455"]
[PlyCount "108"]
[EventDate "1998.10.??"]
[EventType "team"]
[EventRounds "9"]
[EventCountry "GER"]
[SourceTitle "EXT 2003"]
[Source "ChessBase"]
[SourceDate "2002.11.25"]
[SourceVersion "1"]
[SourceVersionDate "2002.11.25"]
[SourceQuality "1"]
[WhiteTeam "Bad Harzburg"]
[BlackTeam "Werder Bremen II"]
[WhiteTeamCountry "GER"]
[BlackTeamCountry "GER"]

1. e4 c6 2. d4 g6 3. Nf3 Bg7 4. Nc3 d5 5. Bf4 Nf6 6. e5 Nh5 7. Bg5 f6 8. exf6 exf6 9. Be3 0-0 10. Bd3 f5 11. 0-0 f4 12. Bc1 Qd6 13. Re1 Bg4 14. Be2 Nd7 15. Ng5 Bxe2 16. Nxe2 Rae8 17. Qd3 h6 18. Nf3 g5 19. Bd2 Nhf6 20. Nc3 Rxe1+ 21. Rxe1 Re8 22. Qf5 Rxe1+ 23. Bxe1 Nf8 24. h4 Qe6 25. Qxe6+ Nxe6 26. hxg5 hxg5 27. Ne2 Ne4 28. c3 Kf7 29. Nh2 b6 30. f3 Nd6 31. g3 Kg6 32. gxf4 gxf4 33. Ng4 Kf5 34. Nf2 c5 35. dxc5 bxc5 36. Nd3 Nc4 37. Bf2 Bf8 38. Kg2 a5 39. a4 Bd6 40. Kf1 Nd2+ 41. Kg2 c4 42. Ndc1 Bc5 43. Nd4+ Bxd4 44. Bxd4 Ng5 45. Bb6 Ngxf3 46. Bxa5 Ne1+ 47. Kf2 Nd3+ 48. Nxd3 cxd3 49. Bc7 Nc4 50. Ke1 f3 51. Bg3 Ke4 52. b3 Na5 53. c4 dxc4 54. b4 c3 0-1